000
00295nam a2200109Ia 4500
008
171211s9999 xx 000 0 und d
245
_a
Financial Information Analysis
245
_c
Philip O'Regan
260
_c
2016
650
_x
ECONOMICS
856
_u
http://down.ebook777.com/062/0415695856.pdf
999
_c
349605
_d
349605